000 01097nam a2200205 a 4500
001 439
003 CO-ViMGA
008 141112s2004 ck r 000 u spa d
040 _aCO-ViMGA
_bspa
_cCO-ViMGA
082 0 4 _a616.42 Y35
100 1 _aYen, Samuel S.C
_948245
245 1 0 _aEndocrinología de la reproducción :
_bfisiología y manejo clínico /
_cYen Samuel S.C , Jaffe Robert B.
250 _a3a
260 _aBuenos Aires :
_bMedica PanAméricana,
_c1993
300 _a1038 p : il
505 _aRegulación endocrina del sistema reproductor Mecanismos neuroendocrinos; Hormonas gonadotróficas; Hormonas esteroides; Endometrio; Prolactina en la reproducción; menopausia y periodo perimenopausico 434 - - Fisiopatología Citogenética en la endocrinologia de la reproducción; Transtornos del desarrollo sexual; Infertilidad; Hipogonadismo; Secreción hormonal ectópica; Hormonas anticonceptivas y su uso clínico 836 - - Alteraciones endocrinas y metebólicas inducidas por el embarazo 913
650 1 4 _aENDOCRINOLOGIA
650 1 4 _aREPRODUCCION SEXUAL
_948247
942 _2ddc
_cBK
999 _c12681
_d12681